| 000 | 02096nam a2200433 c 4500 | ||
|---|---|---|---|
| 003 | BLK | ||
| 005 | 20250603094954.0 | ||
| 008 | 180407b bul|||||r ||||||| ||bul|| | ||
| 020 | _a954-529-163-X | ||
| 040 | _aBLK | ||
| 041 |
_aSPA _hBUL _cDRU |
||
| 080 |
_aИспански език _b811.134.2 _x-314.1(038.1)=60=867 _z811.134.2-314.1(038.1)=60=867 |
||
| 080 |
_aИспански език _b811.134.2 _x-314.3(038.1)=60=867 _z811.134.2-314.3(038.1)=60=867 |
||
| 080 |
_aФразеология _b81`373.7 _x(038.1)=60=867 _z81`373.7(038.1)=60=867 |
||
| 139 |
_aНиколов, Венцеслав Стефанов _bН 74 |
||
| 245 | 1 | 0 |
_aРечник на испанските синоними и антоними _cсъстав. Венцеслав Стефанов Николов. |
| 245 | 1 | 0 | _aИспанско-български фразеологичен речник |
| 246 | 1 | 1 | _aDiccionario de sinonimos y antonimos ; Diccionario fraseologico espanol-bulgaro |
| 257 | _aBGR | ||
| 260 |
_bКолибри _c2000 _fВ. Търново : Абагар АД _aСофия |
||
| 300 |
_a384 с. _c17 см |
||
| 380 | _a80 | ||
| 650 | 4 |
_aИспански език - речници, испанско-български _9261532 |
|
| 650 | 4 |
_aИспански език - синоними и антоними - речници, испанско-български _9272026 |
|
| 650 | 4 |
_aИспански език - фразеология и идиоматика - речници, испанско-български _9272027 |
|
| 653 | _aиспански език | ||
| 653 | _aсинонимни речници | ||
| 653 | _aантонимни речници | ||
| 653 | _aиспанско-български речници | ||
| 653 | _aфразеологични речници | ||
| 653 | _aантоними | ||
| 653 | _aсиноними | ||
| 700 | 1 |
_aНиколов, Венцеслав Стефанов _eсъстав. _9366742 |
|
| 852 | _aЦб І 30254 | ||
| 856 | 4 | _qpdf | |
| 856 | 4 | _qpdf | |
| 942 |
_cKNG _n0 |
||
| 944 |
_aCR _c15.01.2003 _k30545 _lНора Радева |
||
| 999 |
_c32055 _d32055 |
||